The Cinema Archives Top 500 Movies - Statistics

General Stats
  • This quiz has been taken 917 times
  • The average score is 73 of 500
Answer Stats
Year Movie % Correct
1931 M
86%
1972 The Godfather
84%
1977 Star Wars
70%
1974 The Godfather Part II
70%
1997 Titanic
67%
1968 2001: A Space Odyssey
65%
1960 Psycho
65%
1982 E.T. The Extra-Terrestrial
64%
1941 Citizen Kane
63%
1994 Pulp Fiction
63%
1941 Casablanca
61%
1990 Goodfellas
61%
1995 Se7en
61%
1980 The Shining
60%
1979 Apocalypse Now
59%
1976 Taxi Driver
59%
1974 Ali: Fear Eats the Soul
58%
1975 Jaws
58%
1939 Gone With the Wind
57%
1979 Alien
54%
2001-2003 The Lord of the Rings
54%
1958 Vertigo
54%
1993 Schindler’s List
52%
1966 The Good, the Bad and the Ugly
52%
1971 A Clockwork Orange
50%
1999 Fight Club
50%
1981 Raiders of the Lost Ark
50%
1963 The Silence
50%
1994 The Shawshank Redemption
49%
1954 Rear Window
47%
2008 The Dark Knight
47%
1980 Raging Bull
45%
1998 Saving Private Ryan
45%
1939 The Wizard of Oz
45%
1992 Reservoir Dogs
44%
1984 The Terminator
44%
1993 Jurassic Park
43%
1975 One Flew Over the Cuckoo’s Nest
43%
1985 Back to the Future
42%
1954 Seven Samurai
42%
1962 Lawrence of Arabia
41%
1959 North by Northwest
41%
1991 The Silence of the Lambs
41%
1982 Blade Runner
40%
1946 It's a Wonderful Life
40%
2003-2004 Kill Bill
40%
1994 Three Colors: Red
40%
1986 Aliens
39%
1995 Casino
39%
1983 Scarface
39%
1980 The Empire Strikes Back
39%
1927 Metropolis
38%
1952 Singin' in the Rain
38%
1963 The Birds
38%
1959 Ben-Hur
37%
1973 The Exorcist
37%
1964 Dr. Strangelove
36%
1987 Full Metal Jacket
36%
2007 No Country For Old Men
36%
2006 The Departed
36%
2000 Memento
35%
1936 Modern Times
35%
1959 Some Like It Hot
35%
1931 City Lights
34%
1993 Three Colors: Blue
34%
1991 Terminator 2: Judgement Day
33%
1957 The Bridge on the River Kwai
33%
1994 The Lion King
33%
1956 The Searchers
33%
1999 American Beauty
32%
1975 Barry Lyndon
32%
1974 Chinatown
32%
1984 Once Upon a Time in America
32%
1978 The Deer Hunter
32%
1953 Él
31%
1996 Fargo
31%
1954 On the Waterfront
31%
1960 The Apartment
31%
2007 There Will Be Blood
31%
1968 Once Upon a Time in the West
30%
1950 Sunset Boulevard
30%
1967 The Graduate
30%
1984 Amadeus
29%
1977 Annie Hall
29%
1995 Heat
29%
1922 Nosferatu
29%
1979 Nosferatu the Vampyre
29%
1992 Unforgiven
29%
1961 West Side Story
29%
2001 Spirited Away
27%
1963
26%
1950 All About Eve
26%
1999 Eyes Wide Shut
26%
2001 Mulholland Drive
26%
1950 Rashomon
26%
1968 Rosemary's Baby
26%
1998 The Big Lebowski
26%
1951 A Streetcar Named Desire
25%
1986 Blue Velvet
25%
1988 Die Hard
25%
2000 In the Mood for Love
25%
1957 Paths of Glory
25%
1927 Sunrise: A Song of Two Humans
25%
1969 Butch Cassidy and the Sundance Kid
24%
1966 Persona
24%
1985 Ran
24%
1941 The Maltese Falcon
24%
1948 Bicycle Thieves
23%
1960 Breathless
23%
1933 King Kong
23%
1959 The 400 Blows
23%
1971 The French Connection
23%
1925 The Gold Rush
23%
1957 The Seventh Seal
23%
1982 The Thing
23%
2004 Eternal Sunshine of the Spotless Mind
22%
1978 Halloween
22%
1960 La Dolce Vita
22%
1979 Stalker
22%
1980 The Elephant Man
22%
1953 Tokyo Story
22%
1946 Beauty and the Beast
21%
1934 It Happened One Night
21%
1976 Network
21%
1939 Stagecoach
21%
1926 The General
21%
1949 The Third Man
21%
1965 Doctor Zhivago
20%
1944 Double Indemnity
20%
1969 Midnight Cowboy
20%
2004 Million Dollar Baby
20%
1967 Bonnie and Clyde
19%
1972 Cabaret
19%
1975 Dog Day Afternoon
19%
1977 Eraserhead
19%
1965 For a Few Dollars More
19%
1952 High Noon
19%
1999 Magnolia
19%
1979 Manhattan
19%
1973 Mean Streets
19%
1940 The Grapes of Wrath
19%
1928 The Passion of Joan of Arc
19%
1995 The Usual Suspects
19%
2008 WALL-E
19%
1957 Wild Strawberries
19%
1964 A Fistful of Dollars
18%
2001 A.I. Artificial Intelligence
18%
1952 Ikiru
18%
1939 Mr. Smith Goes to Washington
18%
2000 Requiem for a Dream
18%
1915 The Birth of a Nation
18%
1961 Yojimbo
18%
2001 Amélie
17%
1925 Battleship Potemkin
17%
1964 My Fair Lady
17%
1972 Solaris
17%
1974 The Conversation
17%
1998 The Thin Red Line
17%
1997 Boogie Nights
16%
1976 Carrie
16%
1989 Do the Right Thing
16%
1982 Fanny and Alexander
16%
1955 Rebel Without a Cause
16%
1948 Rope
16%
1993 The Piano
16%
1958 Touch of Evil
16%
1996 Trainspotting
16%
1966 Andrei Rublev
15%
1967 Cool Hand Luke
15%
1975 Nashville
15%
1920 The Cabinet of Dr. Caligari
15%
1948 The Treasure of the Sierra Madre
15%
2000 American Psycho
14%
1966 Blow-Up
14%
1916 Intolerance: Love's Struggle Throughout the Ages
14%
1975 Mirror
14%
1946 Notorious
14%
2006 Pan’s Labyrinth
14%
1959 Rio Bravo
14%
1946 The Best Years of Our Lives
14%
1996 The English Patient
14%
1948 The Red Shoes
14%
1969 The Wild Bunch
14%
2003 Lost in Translation
13%
1983 Nostalghia
13%
1924 Sherlock Jr.
13%
1951 Strangers on a Train
13%
1976 All the President's Men
12%
2004 Before Sunset
12%
1938 Bringing up Baby
12%
1996 Crash
12%
1933 Duck Soup
12%
1993 Groundhog Day
12%
1991 JFK
12%
1962 Jules and Jim
12%
1953 Shane
12%
1942 The Magnificent Ambersons
12%
1955 The Night of the Hunter
12%
1940 The Philadelphia Story
12%
1939 The Rules of the Game
12%
1966 Who’s Afraid of Virginia Woolf?
12%
2007 Zodiac
12%
2006 Children of Men
11%
1994 Chungking Express
11%
2000 Crouching Tiger, Hidden Dragon
11%
1978 Days of Heaven
11%
1969 Easy Rider
11%
1941 How Green Was My Valley
11%
1995 La Haine
11%
1954 La Strada
11%
1960 L'Avventura
11%
1997 Lost Highway
11%
1970 MASH
11%
1946 The Big Sleep
11%
1962 The Man Who Shot Liberty Valance
11%
1957 Throne of Blood
11%
1954 A Star is Born
10%
1973 Badlands
10%
1981 Blow Out
10%
1986 Hannah and Her Sisters
10%
1940 His Girl Friday
10%
1997 L.A. Confidential
10%
1940 Pinocchio
10%
1945 Rome, Open City
10%
1986 The Fly
10%
1986 The Sacrifice
10%
1992 Twin Peaks: Fire Walk with Me
10%
1947 Black Narcissus
9%
1985 Brazil
9%
1963 Contempt
9%
1939 Ivan’s Childhood
9%
1949 Late Spring
9%
1992 Malcolm X
9%
2001 Moulin Rouge!
9%
1965 Pierrot le Fou
9%
2002 Punch-Drunk Love
9%
1977 Suspiria
9%
1979 All that Jazz
8%
1974 A Woman Under the Influence
8%
1991 Barton Fink
8%
1945 Brief Encounter
8%
1972 Cries and Whispers
8%
1982 Fitzcarraldo
8%
2003 Mystic River
8%
1957 Nights of Cabiria
8%
1955 Ordet
8%
1955 Pather Panchali
8%
1967 Playtime
8%
1935 The 39 Steps
8%
1937 The Grand Illusion
8%
2008 The Hurt Locker
8%
1971 The Last Picture Show
8%
1964 The Umbrellas of Cherbourg
8%
2004 2046
7%
1972 Aguirre, the Wrath of God
7%
1973 Amarcord
7%
1946 A Matter of Life and Death
7%
1959 Anatomy of a Murder
7%
1962 Cleo from 5 to 7
7%
1946 Great Expectations
7%
1961 La Notte
7%
1972 Last Tango in Paris
7%
1944 Laura
7%
1990 Miller's Crossing
7%
1948 Red River
7%
1994 Sátántangó
7%
1943 Shadow of a Doubt
7%
1968 The Battle of Algiers
7%
1935 The Bride of Frankenstein
7%
1961 The Hustler
7%
1992 The Last of the Mohicans
7%
1952 The Quiet Man
7%
2001 The Royal Tenenbaums
7%
2000 Traffic
7%
1953 Ugetsu
7%
1952 Umberto D
7%
1990 Wild at Heart
7%
1956 A Man Escaped
6%
1984 Blood Simple
6%
1996 Breaking the Waves
6%
1995 Dead Man
6%
1973 Don't Look Now
6%
1945 Fallen Angel
6%
1970 Five Easy Pieces
6%
1964 I Am Cuba
6%
1962 L'Eclisse
6%
1944 Meet Me in St. Louis
6%
1958 Mon Oncle
6%
1993 Naked
6%
1959 Pickpocket
6%
1966 Red Desert
6%
1960 Rocco and His Brothers
6%
1998 Rushmore
6%
1973 Scenes From a Marriage
6%
1970 The Conformist
6%
1962 The Exterminating Angel
6%
1943 The Life and Death of Colonel Blimp
6%
1961 Viridiana
6%
1949 White Heat
6%
1963 Winter Light
6%
2000 Amores perros
5%
1962 An Autumn Afternoon
5%
1969 Army of Shadows
5%
1993 Dazed and Confused
5%
1988 Dekalog
5%
1951 Early Summer
5%
1964 Gertrud
5%
2008 Hunger
5%
1969 Kes
5%
1934 L’Atalante
5%
1967 Le Samourai
5%
1961 | 1981 Lola
5%
1946 My Darling Clementine
5%
2000 O Brother, Where Art Thou?
5%
1965 Repulsion
5%
1954 Sansho the Bailiff
5%
1993 The Age of Innocence
5%
1928 The Circus
5%
1957 The Cranes Are Flying
5%
1962 The Manchurian Candidate
5%
2002 The Son
5%
1962 The Trial
5%
1932 Vampyr
5%
1983 Videodrome
5%
1967 Weekend
5%
2001 Y tu mamá también
5%
1956 Aparajito
4%
2007 Atonement
4%
1967 Belle de Jour
4%
1965 Chimes at Midnight
4%
2000 Dancer in the Dark
4%
1978 Dawn of the Dead
4%
1973 Day for Night
4%
1924 Greed
4%
1944 Ivan the Terrible Part I
4%
1958 Ivan the Terrible Part II
4%
1981 Mad Max 2: The Road Warrior
4%
1946 Paisan
4%
1960 Peeping Tom
4%
1983 Rumble Fish
4%
1995 Safe
4%
1997 Taste of Cherry
4%
1972 The Discreet Charm of the Bourgeoisie
4%
1953 The Earrings of Madame de...
4%
1999 The Insider
4%
1924 The Last Laugh
4%
1976 The Outlaw Josey Wales
4%
1975 The Passenger
4%
1957 The Sweet Smell of Success
4%
1960 The Virgin Spring
4%
1959 The World of Apu
4%
1976 1900
3%
1955 All that Heaven Allows
3%
1999 Being John Malkovich
3%
2005 Cache
3%
1945 Children of Paradise
3%
1943 Day of Wrath
3%
1988 Dead Ringers
3%
1955 Diabolique
3%
1948 Fort Apache
3%
1948 Germany Year Zero
3%
1971 Harold and Maude
3%
1950 In a Lonely Place
3%
1953 I Vitelloni
3%
1954 Johnny Guitar
3%
1954 Journey to Italy
3%
1965 Juliet of the Spirits
3%
1952 Le Plaisir
3%
1955 Lola Montes
3%
1950 Los Olvidados
3%
1952 Othello
3%
1991 Raise the Red Lantern
3%
1960 Shoot the Piano Player
3%
1925 Strike
3%
1941 Sullivan's Travels
3%
2002 Talk to Her
3%
1930 The Blue Angel
3%
1989 The Cook, the Thief, His Wife & Her Lover
3%
1941 The Lady Eve
3%
1947 The Lady from Shanghai
3%
1973 The Long Goodbye
3%
1958 The Music Room
3%
2005 The New World
3%
1992 The Player
3%
1999 The Talented Mr. Ripley
3%
1928 The Wind
3%
1944 To Have and Have Not
3%
1963 Tom Jones
3%
1932 Trouble in Paradise
3%
1995 Twelve Monkeys
3%
2000 Werckmeister Harmonies
3%
2005 A History of Violence
2%
1964 Charulata
2%
1990 Days of Being Wild
2%
1999 Election
2%
1959 Floating Weeds
2%
2001 Gosford Park
2%
1944 Henry V
2%
1960 Letter Never Sent
2%
2006 Marie Antoinette
2%
1971 McCabe & Mrs. Miller
2%
1953 Mr. Hulot’s Holiday
2%
1991 Naked Lunch
2%
1928 October: Ten Days That Shook the World
2%
1943 Ossessione
2%
1947 Out of the Past
2%
1973 Pat Garrett & Billy the Kid
2%
1970 Performance
2%
1984 Stranger Than Paradise
2%
2007 The Assassination of Jesse James by the Coward Robert Ford
2%
1953 The Big Heat
2%
1925 The Big Parade
2%
1998 The Celebration
2%
1928 The Crowd
2%
1961 The End of Summer
2%
2006 The Fountain
2%
1976 The Killing of a Chinese Bookie
2%
1952 The Life of Oharu
2%
1974 The Parallax View
2%
2001 The Piano Teacher
2%
1966 The Pornographers
2%
1940 The Shop Around the Corner
2%
2002 25th Hour
1%
2007 4 Months, 3 Weeks and 2 Days
1%
1961 Accattone
1%
1948 A Hen in the Wind
1%
1934 A Story of Floating Weeds
1%
1985 A Zed & Two Noughts
1%
1980 Berlin Alexanderplatz
1%
1956 Bob le Flambeur
1%
1984 Broadway Danny Rose
1%
1971 Carnal Knowledge
1%
1989 Crimes and Misdemeanors
1%
1945 Detour
1%
1982 Diner
1%
1986 Down by Law
1%
1922 Dr. Mabuse the Gambler
1%
1958 Elevator the the Gallows
1%
1922 Foolish Wives
1%
1992 Husbands and Wives
1%
1959 Imitation of Life
1%
1964 Intentions of Murder
1%
1976 Kings of the Road
1%
1931 La Chienne
1%
1973 Lady Snowblood
1%
1955 La Pointe Courte
1%
1950 La Ronde
1%
1965 Le Bonheur
1%
1931 Le Million
1%
2005 L'Enfant
1%
1948 Letter from an Unknown Woman
1%
1985 Mishima: A Life in Four Chapters
1%
1981 My Dinner with Andre
1%
1969 My Night at Maud’s
1%
1989 Mystery Train
1%
1981 One from the Heart
1%
1998 Out of Sight
1%
1953 Pickup on South Street
1%
1960 Purple Noon
1%
1965 Shadows of Forgotten Ancestors
1%
1946 Shoeshine
1%
2006 Syndromes and a Century
1%
1941 The 47 Ronin
1%
2007 The Bourne Ultimatum
1%
2007 The Darjeeling Limited
1%
1965 The Hill
1%
1963 The Leapord
1%
1976 The Man Who Fell to Earth
1%
1955 The Man with the Golden Arm
1%
1942 There Was a Father
1%
1934 The Scarlet Empress
1%
1939 The Story of the Last Chrysanthemums
1%
1931 The Threepenny Opera
1%
1960 Two Women
1%
1956 Written on the Wind
1%
2005 Broken Flowers
0%
2000 Code Unknown
0%
1921 Destiny
0%
1951 Detective Story
0%
1990 Dick Tracy
0%
1988 Distant Voices, Still Lives
0%
1950 Gun Crazy
0%
1939 Gunga Din
0%
1938 La Bête Humaine
0%
1932 Love Me Tonight
0%
1930 Morocco
0%
1961 Pigs and Battleships
0%
1945 Scarlet Street
0%
1980 Stardust Memories
0%
1936 The Crime of Monsieur Lange
0%
1978 The Marriage of Maria Braun
0%
1944 The Miracle of Morgan's Creek
0%
1942 The Palm Beach Story
0%
1949 The Reckless Moment
0%
1939 The Roaring Twenties
0%
1970 The Wild Child
0%
1971 Two English Girls
0%
1979 Vengeance is Mine
0%
1982 Veronika Voss
0%
No matching quizzes found
Score Distribution
Percent of People with Each Score
Percentile by Number Answered
Your Score History
You have not taken this quiz